header

A dictionary of linguistics and phonetics (Record no. 4994)

MARC details
000 -LEADER
fixed length control field 01463nam a2200373 a 4500
082 04 - DEWEY DECIMAL CLASSIFICATION NUMBER
Classification number 410/.3
100 1# - MAIN ENTRY--AUTHOR NAME
Personal name Crystal, David,
245 12 - TITLE STATEMENT
Title A dictionary of linguistics and phonetics
250 ## - EDITION STATEMENT
Edition statement 6th ed.
260 ## - PUBLICATION, DISTRIBUTION, ETC. (IMPRINT)
Place of publication Malden, MA ;
-- Oxford :
Name of publisher Blackwell Pub.,
Year of publication 2008.
300 ## - PHYSICAL DESCRIPTION
Number of Pages xxiv, 529 p.
490 1# - SERIES STATEMENT
Series statement The language library
500 ## - GENERAL NOTE
General note Revised ed. of: A dictionary of linguistics & phonetics. 5th ed. 2003.
650 #0 - SUBJECT ADDED ENTRY--TOPICAL TERM
Topical Term Linguistics
700 1# - ADDED ENTRY--PERSONAL NAME
Personal name Crystal, David,
856 40 - ELECTRONIC LOCATION AND ACCESS
Uniform Resource Identifier http://site.ebrary.com/lib/rucke/Doc?id=10278474

No items available.

© 2026 Rongo University
Contact us: librarian | system librarian | Rongo university